Municípios que compõem a Região Metropolitana de Vitória - Statistics

Estatísticas Gerais
  • Esse quiz foi jogado 47 vezes
  • A pontuação média é 6 de 7
Estatísticas das Respostas
Município % Correto
Serra
100%
Vila Velha
100%
Cariacica
95%
Vitória
90%
Guarapari
85%
Viana
79%
Fundão
67%
Nenhum quiz correspondente encontrado
Distribuição das Pontuações
Porcentagem de Pessoas com Cada Pontuação
Percentil de Números Respondidos
Sua Pontuação Histórica
Você não jogou esse quiz